Piłkarze grający pod pseudonimem - klikanie - Statystyki

Ogólne statystyki
  • Ten quiz został rozwiązany 151 razy
  • Średni wynik to 8 z 20
Statystyki odpowiedzi
Hint Odpowiedź % Poprawnych
Pedri Pedro González López
77%
Kuba Jakub Błaszczykowski
74%
Xavi Xavier Hernández Creus
74%
Rodri Rodrigo Hernández Cascante
70%
Gavi Pablo Martín Páez Gavira
59%
Raphinha Raphael Dias Belloli
59%
Djuka Uroš Đurđević
55%
Chicharito Javier Hernández Balcazar
46%
Robinho Robson de Souza
44%
Kaká Ricardo Izecson dos Santos Leite
38%
Pelé Edson Arantes do Nascimento
30%
Pepe Képler Laveran Lima Ferreira
24%
Deco Anderson Luís de Souza
23%
Jairzinho Jair Ventura Filho
22%
Nani Luís Carlos Almeida da Cunha
22%
Zico Arthur Antunes Coimbra
19%
Garrincha Manuel Francisco dos Santos
14%
Cafu Marcos Evangelista de Morais
10%
Didi Valdir Pereira
10%
Zizinho Ravel Ryan Morrison
5%
Nie znaleziono quizów pasujących do podanych kryteriów
Rozkład punktacji
Procent ludzi z każdym wynikiem
Percentyl według liczby udzielonych odpowiedzi
Twoja historia wyników
Nie rozwiązałeś tego quizu